[Event "Commonwealth Championship 3rd"]
[Site "Docklands, London"]
[Date "1985.02.17"]
[Round "2"]
[White "Sathe, Bhagyashree"]
[Black "Friedgood, David"]
[Result "1/2-1/2"]
[WhiteElo "2075"]
[BlackElo "2305"]
[PlyCount "51"]
[EventDate "1985.02.16"]
[EventType "swiss"]
[EventRounds "11"]
[EventCountry "ENG"]
[SourceTitle "BritBase"]
[Source "John Saunders"]
[SourceDate "2022.12.30"]
[SourceVersion "1"]
[SourceVersionDate "2022.12.30"]
[SourceQuality "1"]

1. e4 c5 2. Nf3 Nc6 3. d4 cxd4 4. Nxd4 Nf6 5. Nc3 d6 6. Bg5 e6 7. Qd2 a6 8.
O-O-O h6 9. Be3 Bd7 10. f3 Qc7 11. Qf2 b5 12. Nxc6 Bxc6 13. Bd3 Be7 14. Rhe1 b4
15. Ne2 e5 16. Kb1 a5 17. Ng3 g6 18. h3 Nd7 19. f4 Bh4 20. Rf1 Rh7 21. Qf3 exf4
22. Qxf4 Bg5 23. Qf2 Bxe3 24. Qxe3 Ne5 25. Ne2 Qa7 26. Qxa7 1/2-1/2

[Event "Commonwealth Championship 3rd"]
[Site "Docklands, London"]
[Date "1985.02.17"]
[Round "2"]
[White "Short, Nigel D"]
[Black "Davies, Nigel Rodney"]
[Result "1/2-1/2"]
[WhiteElo "2535"]
[BlackElo "2355"]
[PlyCount "52"]
[EventDate "1985.02.16"]
[EventType "swiss"]
[EventRounds "11"]
[EventCountry "ENG"]
[SourceTitle "BritBase"]
[Source "John Saunders"]
[SourceDate "2022.12.30"]
[SourceVersion "1"]
[SourceVersionDate "2022.12.30"]
[SourceQuality "1"]

1. e4 g6 2. d4 Bg7 3. Nf3 d6 4. Nc3 Nf6 5. h3 O-O 6. Be3 Na6 7. g3 b6 8. Bg2
Bb7 9. d5 c5 10. O-O Nc7 11. a4 e6 12. dxe6 fxe6 13. Bg5 h6 14. Bxf6 Bxf6 15.
e5 dxe5 16. Qe2 Nd5 17. Ne4 Bg7 18. c3 Qe7 19. Rfe1 Rad8 20. a5 Bc6 21. axb6
axb6 22. Ned2 Qb7 23. Qa6 Qf7 24. Qe2 Qb7 25. Qa6 Qf7 26. Qf1 Qb7 1/2-1/2

[Event "Commonwealth Championship 3rd"]
[Site "Docklands, London"]
[Date "1985.02.18"]
[Round "3"]
[White "Borg, Geoffrey"]
[Black "Lalic, Susan Kathryn"]
[Result "1-0"]
[WhiteElo "2360"]
[BlackElo "2010"]
[PlyCount "55"]
[EventDate "1985.02.16"]
[EventType "swiss"]
[EventRounds "11"]
[EventCountry "ENG"]
[SourceTitle "BritBase"]
[Source "John Saunders"]
[SourceDate "2022.12.30"]
[SourceVersion "1"]
[SourceVersionDate "2022.12.30"]
[SourceQuality "1"]

1. e4 e6 2. d4 d5 3. Nc3 Bb4 4. e5 c5 5. a3 Bxc3+ 6. bxc3 Ne7 7. Qg4 Qc7 8.
Qxg7 Rg8 9. Qxh7 cxd4 10. Ne2 Nbc6 11. f4 dxc3 12. Qd3 Bd7 13. Qxc3 Rc8 14. Rb1
b6 15. Bd2 Nf5 16. Qd3 Nce7 17. Rb2 Ba4 18. Nc3 Bc6 19. Rg1 Qb7 20. g4 a6 21.
Qxa6 Qxa6 22. Bxa6 Ra8 23. Rxb6 Nd4 24. Kf2 Nxc2 25. Nb5 Kd7 26. Rc1 Bxb5 27.
Bxb5+ Kc7 28. Rd6 1-0

[Event "Commonwealth Championship 3rd"]
[Site "Docklands, London"]
[Date "1985.02.18"]
[Round "3"]
[White "Condie, Mark L"]
[Black "Hebden, Mark L"]
[Result "0-1"]
[WhiteElo "2380"]
[BlackElo "2480"]
[PlyCount "98"]
[EventDate "1985.02.16"]
[EventType "swiss"]
[EventRounds "11"]
[EventCountry "ENG"]
[SourceTitle "BritBase"]
[Source "John Saunders"]
[SourceDate "2022.12.30"]
[SourceVersion "1"]
[SourceVersionDate "2022.12.30"]
[SourceQuality "1"]

1. d4 Nf6 2. Nf3 g6 3. Bg5 Bg7 4. Nbd2 O-O 5. e4 d5 6. Bd3 dxe4 7. Nxe4 Nxe4 8.
Bxe4 c5 9. c3 cxd4 10. Nxd4 Qa5 11. Be3 Nd7 12. O-O Ne5 13. Nb3 Qc7 14. Bf4 Rd8
15. Qe2 Qc4 16. Rfe1 Qxe2 17. Rxe2 Nc4 18. Rae1 e5 19. Bg5 f6 20. Bc1 Rb8 21.
Bc2 f5 22. Nc5 b5 23. a4 Bf8 24. Nd3 e4 25. Nf4 bxa4 26. Bxa4 Bd7 27. Bc2 Nxb2
28. Bxe4 fxe4 29. Rxb2 Rxb2 30. Bxb2 Rb8 31. Ba1 a5 32. Nd5 Kf7 33. c4 Bf5 34.
Kf1 a4 35. Ke2 a3 36. Bd4 Rb3 37. Ra1 Be6 38. Ne3 Rd3 39. Be5 Bc5 40. Rc1 a2
41. Ba1 Rb3 42. Kd2 Bd7 43. Nd1 Rd3+ 44. Ke2 Ba3 45. Rc3 Ba4 46. Ne3 Rxc3 47.
Bxc3 Bf8 48. Ng4 Bg7 49. Ne5+ Ke6 0-1

[Event "Commonwealth Championship 3rd"]
[Site "Docklands, London"]
[Date "1985.02.18"]
[Round "3"]
[White "Granat, Russell"]
[Black "Martin, Andrew D"]
[Result "1/2-1/2"]
[WhiteElo "2245"]
[BlackElo "2425"]
[PlyCount "67"]
[EventDate "1985.02.16"]
[EventType "swiss"]
[EventRounds "11"]
[EventCountry "ENG"]
[SourceTitle "BritBase"]
[Source "John Saunders"]
[SourceDate "2022.12.30"]
[SourceVersion "1"]
[SourceVersionDate "2022.12.30"]
[SourceQuality "1"]

1. e4 d5 2. exd5 Nf6 3. d4 Nxd5 4. Nf3 g6 5. Be2 Bg7 6. O-O O-O 7. c4 Nb6 8.
Nc3 Bg4 9. h3 Bxf3 10. Bxf3 Nc6 11. c5 Nd7 12. Bxc6 bxc6 13. Qa4 e5 14. dxe5
Qe7 15. Qxc6 Nxe5 16. Qe4 Qxc5 17. Be3 Qc4 18. Rac1 Rfe8 19. Qxc4 Nxc4 20. Nd5
Nxe3 21. fxe3 Rac8 22. Rc2 f5 23. Rfc1 Re5 24. Rxc7 Rxc7 25. Nxc7 Rxe3 26. Nd5
Re8 27. b4 Be5 28. Kf2 Kf7 29. Kf3 Rd8 30. Rc5 Rd6 31. Ra5 Rd7 32. g4 fxg4+ 33.
hxg4 h6 34. Ke4 1/2-1/2

[Event "Commonwealth Championship 3rd"]
[Site "Docklands, London"]
[Date "1985.02.18"]
[Round "3"]
[White "Hodgson, Julian M"]
[Black "Clemance, Philip A"]
[Result "1-0"]
[WhiteElo "2455"]
[BlackElo "2220"]
[PlyCount "89"]
[EventDate "1985.02.16"]
[EventType "swiss"]
[EventRounds "11"]
[EventCountry "ENG"]
[SourceTitle "BritBase"]
[Source "John Saunders"]
[SourceDate "2022.12.30"]
[SourceVersion "1"]
[SourceVersionDate "2022.12.30"]
[SourceQuality "1"]

1. e4 e5 2. Nf3 Nc6 3. Bc4 Bc5 4. O-O Nf6 5. d3 d6 6. c3 O-O 7. Re1 a6 8. Nbd2
Na5 9. b4 Nxc4 10. bxc5 Nxd2 11. Bxd2 Bg4 12. cxd6 Qxd6 13. h3 Bh5 14. d4 Bxf3
15. Qxf3 Rfe8 16. Bg5 Nd7 17. Rad1 f6 18. Bc1 Rad8 19. Qg3 Qe7 20. f4 exf4 21.
Bxf4 c6 22. c4 c5 23. e5 fxe5 24. dxe5 Nf8 25. Bg5 Rxd1 26. Bxe7 Rxe1+ 27. Qxe1
Rxe7 28. Qe4 Ne6 29. Qd5 Kf7 30. a4 Ke8 31. a5 Kf8 32. Kh2 Kf7 33. h4 Kf8 34.
g3 Kf7 35. Kh3 Kf8 36. Kg4 Ke8 37. Qe4 Nf8 38. Qd5 Ne6 39. h5 Kf8 40. Qd6 Kf7
41. Kf5 Nd4+ 42. Ke4 Ne6 43. Kd5 Re8 44. Qd7+ Re7 45. Qc8 1-0

[Event "Commonwealth Championship 3rd"]
[Site "Docklands, London"]
[Date "1985.02.18"]
[Round "3"]
[White "Howell, James C"]
[Black "Johansen, Darryl Keith"]
[Result "1-0"]
[WhiteElo "2370"]
[BlackElo "2425"]
[Annotator "Johansen,D"]
[PlyCount "92"]
[EventDate "1985.02.16"]
[EventType "swiss"]
[EventRounds "11"]
[EventCountry "ENG"]
[SourceTitle "DB Johansen 2"]
[Source "Johansen,D"]
[SourceDate "2012.09.29"]
[SourceVersion "1"]
[SourceVersionDate "2022.12.19"]
[SourceQuality "1"]

1. e4 e6 2. d4 d5 3. Nd2 Nf6 4. e5 Nfd7 5. f4 c5 6. c3 Nc6 7. Ndf3 Qb6 8. g3 f6
9. Bd3 Be7 10. Kf1 cxd4 11. cxd4 O-O 12. Kg2 Kh8 13. Bc2 g5 14. exf6 Bxf6 15.
fxg5 Bxd4 16. Ne2 Bg7 17. Qd3 Rf5 18. Be3 Qxb2 19. Rab1 Qxa2 20. Ned4 Nde5 21.
Nxe5 Nxe5 22. Qe2 b6 23. Bxf5 Qxe2+ 24. Nxe2 exf5 25. Bd4 Ba6 26. Nf4 Rc8 $6 (
26... Nd3 27. Bxg7+ Kxg7 $13) 27. Rbc1 Nc4 28. Bxg7+ Kxg7 29. Rhe1 Kf7 30. Nxd5
$16 Rc5 31. Re7+ Kf8 32. Rxa7 Bb5 33. Nc3 Bc6+ 34. Kf2 Ne5 35. Ke3 Ng4+ 36. Kf4
$6 Nf2 37. Ke3 Ng4+ 38. Kd4 Nxh2 39. Ne2 Rd5+ 40. Ke3 Ng4+ 41. Kf4 Ne5 42. Rb1
Ng6+ 43. Ke3 b5 44. Rxh7 Ne5 45. Nf4 Nc4+ 46. Kf2 Rd2+ {Source: Darryl
Johansen. Contributed by Paul Summers, 16 February 2023.} 1-0

[Event "Commonwealth Championship 3rd"]
[Site "Docklands, London"]
[Date "1985.02.18"]
[Round "3"]
[White "Jackson, Sheila"]
[Black "Ravisekhar, Raja"]
[Result "1/2-1/2"]
[WhiteElo "2235"]
[BlackElo "2420"]
[PlyCount "74"]
[EventDate "1985.02.16"]
[EventType "swiss"]
[EventRounds "11"]
[EventCountry "ENG"]
[SourceTitle "BritBase"]
[Source "John Saunders"]
[SourceDate "2022.12.30"]
[SourceVersion "1"]
[SourceVersionDate "2022.12.30"]
[SourceQuality "1"]

1. e4 c5 2. c3 d6 3. d4 Nf6 4. Bd3 Nc6 5. Ne2 g6 6. O-O Bg7 7. d5 Ne5 8. Bc2
O-O 9. f4 Ned7 10. Nd2 Rb8 11. a4 a6 12. a5 b5 13. axb6 Nxb6 14. h3 Ne8 15. Bd3
Nc7 16. Nc4 Nxc4 17. Bxc4 Bd7 18. Ra2 Bb5 19. Bxb5 axb5 20. f5 Ne8 21. fxg6
hxg6 22. Bg5 Nf6 23. Ng3 Nd7 24. Qd2 Ne5 25. Bh6 f6 26. Bxg7 Kxg7 27. Ne2 Rf7
28. Nf4 Qb6 29. Ne6+ Kg8 30. Rfa1 b4 31. Ra8 bxc3 32. bxc3 Rh7 33. Rxb8+ Qxb8
34. Qa2 Kf7 35. Rb1 Qe8 36. Qa7 Rh8 37. Rb7 Rg8 1/2-1/2

[Event "Commonwealth Championship 3rd"]
[Site "Docklands, London"]
[Date "1985.02.18"]
[Round "3"]
[White "King, Daniel J"]
[Black "Chandler, Murray G"]
[Result "0-1"]
[WhiteElo "2425"]
[BlackElo "2585"]
[PlyCount "92"]
[EventDate "1985.02.16"]
[EventType "swiss"]
[EventRounds "11"]
[EventCountry "ENG"]
[SourceTitle "BritBase"]
[Source "John Saunders"]
[SourceDate "2022.12.30"]
[SourceVersion "1"]
[SourceVersionDate "2022.12.30"]
[SourceQuality "1"]

1. e4 c5 2. f4 d5 3. Nc3 dxe4 4. Nxe4 Qc7 5. Nf3 Nf6 6. Bb5+ Bd7 7. Bxd7+ Nbxd7
8. d3 g6 9. Nxf6+ Nxf6 10. Ne5 Bg7 11. Qf3 O-O 12. O-O Nd7 13. Nxd7 Qxd7 14. f5
Rac8 15. Kh1 Qxf5 16. Qxf5 gxf5 17. Rxf5 c4 18. Be3 cxd3 19. cxd3 b6 20. Rf2
Rfd8 21. Rd2 Rd5 22. Kg1 f5 23. Kf1 Kf7 24. g3 Rc6 25. a4 Ra5 26. Kf2 Rc7 27.
Ra2 Rc1 28. b4 Rd5 29. a5 Rb5 30. axb6 axb6 31. Ra7 Rc6 32. Re2 Bf6 33. Rb7
Rxb4 34. Ra2 Rb3 35. Rd7 Ke6 36. Rb7 Kf7 37. Rd7 b5 38. h3 b4 39. g4 fxg4 40.
hxg4 Rbc3 41. Raa7 Re6 42. Rab7 Rc2+ 43. Kf3 Bc3 44. Bc5 Rce2 45. Bxb4 R6e3+
46. Kf4 Be5+ 0-1

[Event "Commonwealth Championship 3rd"]
[Site "Docklands, London"]
[Date "1985.02.18"]
[Round "3"]
[White "Law, Andrew P"]
[Black "Bellin, Robert"]
[Result "0-1"]
[WhiteElo "2335"]
[BlackElo "2390"]
[PlyCount "88"]
[EventDate "1985.02.16"]
[EventType "swiss"]
[EventRounds "11"]
[EventCountry "ENG"]
[SourceTitle "BritBase"]
[Source "John Saunders"]
[SourceDate "2022.12.30"]
[SourceVersion "1"]
[SourceVersionDate "2022.12.30"]
[SourceQuality "1"]

1. d4 f5 2. g3 Nf6 3. Bg2 e6 4. Nf3 Be7 5. O-O O-O 6. c4 d5 7. b3 Nc6 8. Nc3
Bd7 9. Bb2 Be8 10. Ng5 Bf7 11. e3 Qd7 12. Nxf7 Rxf7 13. Rc1 Bf8 14. Na4 b6 15.
Qc2 Nb4 16. Qb1 Ne4 17. Rfd1 Rd8 18. a3 Nc6 19. Nc3 Nf6 20. b4 Ne7 21. Qa2 g5
22. a4 Bh6 23. cxd5 exd5 24. Nb5 c6 25. Nc3 f4 26. e4 f3 27. Bxf3 g4 28. Bg2
Bxc1 29. Bxc1 Nxe4 30. Nxe4 dxe4 31. Bxe4 Nd5 32. Qc4 Re8 33. Bg2 Qf5 34. Bf4
Nxf4 35. gxf4 Qxf4 36. Qc2 Rfe7 37. Qc4+ Kg7 38. Qc3 Rf8 39. Rf1 Rf6 40. Bxc6
Re2 41. Bg2 Rxf2 42. Re1 Rd2 43. Kh1 Qxd4 44. Qc7+ Rf7 0-1

[Event "Commonwealth Championship 3rd"]
[Site "Docklands, London"]
[Date "1985.02.18"]
[Round "3"]
[White "Nunn, John DM"]
[Black "Watson, William N"]
[Result "0-1"]
[WhiteElo "2615"]
[BlackElo "2460"]
[PlyCount "60"]
[EventDate "1985.02.16"]
[EventType "swiss"]
[EventRounds "11"]
[EventCountry "ENG"]
[SourceTitle "BritBase"]
[Source "John Saunders"]
[SourceDate "2022.12.30"]
[SourceVersion "1"]
[SourceVersionDate "2022.12.30"]
[SourceQuality "1"]

1. e4 c5 2. Nf3 d6 3. d4 cxd4 4. Nxd4 Nf6 5. Nc3 g6 6. Be2 Bg7 7. O-O O-O 8.
Kh1 Nc6 9. Nb3 a5 10. a4 Be6 11. Bg5 Rc8 12. f4 Nb4 13. Bh4 Nd7 14. Qd2 Bxb3
15. cxb3 Nc5 16. Qd1 Nc6 17. Rc1 Bxc3 18. Rxc3 Nxe4 19. Rh3 d5 20. f5 Qd6 21.
Bd3 Ne5 22. Bb1 Rc6 23. fxg6 fxg6 24. Rxf8+ Kxf8 25. Be1 h5 26. Bxe4 dxe4 27.
Qe2 Rc1 28. Rc3 Ra1 29. Qe3 Ng4 30. Rc8+ Kf7 0-1

[Event "Commonwealth Championship 3rd"]
[Site "Docklands, London"]
[Date "1985.02.18"]
[Round "3"]
[White "Spraggett, Kevin"]
[Black "Speelman, Jonathan S"]
[Result "1/2-1/2"]
[WhiteElo "2560"]
[BlackElo "2530"]
[PlyCount "48"]
[EventDate "1985.02.16"]
[EventType "swiss"]
[EventRounds "11"]
[EventCountry "ENG"]
[SourceTitle "BritBase"]
[Source "John Saunders"]
[SourceDate "2022.12.30"]
[SourceVersion "1"]
[SourceVersionDate "2022.12.30"]
[SourceQuality "1"]

1. e4 c5 2. Nf3 Nc6 3. d4 cxd4 4. Nxd4 Nf6 5. Nc3 d6 6. Bg5 e6 7. Qd2 Be7 8.
O-O-O O-O 9. f4 h6 10. Bh4 e5 11. Nf5 Bxf5 12. exf5 exf4 13. Kb1 d5 14. Bxf6
Bxf6 15. Nxd5 Be5 16. Bc4 b5 17. Bxb5 Rb8 18. c4 Nd4 19. Rhe1 f6 20. Qf2 Nxb5
21. cxb5 Rxb5 22. Nxf4 Qa5 23. Nd3 Rfb8 24. Nxe5 Rxb2+ 1/2-1/2

[Event "Commonwealth Championship 3rd"]
[Site "Docklands, London"]
[Date "1985.02.18"]
[Round "3"]
[White "Thipsay, Praveen Mahadeo"]
[Black "Short, Nigel D"]
[Result "0-1"]
[WhiteElo "2470"]
[BlackElo "2535"]
[PlyCount "110"]
[EventDate "1985.02.16"]
[EventType "swiss"]
[EventRounds "11"]
[EventCountry "ENG"]
[SourceTitle "BritBase"]
[Source "John Saunders"]
[SourceDate "2022.12.30"]
[SourceVersion "1"]
[SourceVersionDate "2022.12.30"]
[SourceQuality "1"]

1. e4 e6 2. d4 d5 3. Nc3 Bb4 4. e5 Ne7 5. Nf3 b6 6. a3 Bxc3+ 7. bxc3 Qd7 8. a4
Ba6 9. Bd3 Bxd3 10. cxd3 Nbc6 11. O-O O-O 12. Re1 Rac8 13. Ng5 h6 14. Nh3 Ng6
15. Qh5 Nce7 16. g4 f6 17. exf6 Rxf6 18. g5 Rf5 19. Qg4 Kh7 20. Ra2 c5 21. Rae2
Rc6 22. Kh1 cxd4 23. cxd4 Qe8 24. Ba3 Qf7 25. Re3 Ng8 26. Rg1 e5 27. gxh6 gxh6
28. Bb2 Nf8 29. dxe5 Rg6 30. Qd4 Rxg1+ 31. Kxg1 Ne6 32. Qxd5 Ne7 33. Qe4 Nc5
34. Qg4 Qa2 35. Rg3 Ne6 36. Qb4 Qb1+ 37. Kg2 Nd5 38. Qe4 Nef4+ 39. Nxf4 Nxf4+
40. Kf3 Qd1+ 41. Ke3 Qe2+ 42. Kd4 Qxb2+ 43. Kc4 Qa2+ 44. Kb5 Qe6 45. Qb7+ Rf7
46. Qe4+ Ng6 47. d4 Rxf2 48. Qb7+ Rf7 49. Qe4 Rf4 50. Qb7+ Qe7 51. Qc6 Nf8 52.
Qc4 Qd7+ 53. Ka6 Ne6 54. Qc2+ Kh8 55. Qg6 Nc5+ 0-1

[Event "Commonwealth Championship 3rd"]
[Site "Docklands, London"]
[Date "1985.02.19"]
[Round "4"]
[White "Barber, Haydn"]
[Black "King, Daniel J"]
[Result "0-1"]
[WhiteElo "2270"]
[BlackElo "2425"]
[PlyCount "56"]
[EventDate "1985.02.16"]
[EventType "swiss"]
[EventRounds "11"]
[EventCountry "ENG"]
[SourceTitle "BritBase"]
[Source "John Saunders"]
[SourceDate "2022.12.30"]
[SourceVersion "1"]
[SourceVersionDate "2022.12.30"]
[SourceQuality "1"]

1. e4 c5 2. Nf3 d6 3. d4 cxd4 4. Nxd4 Nf6 5. Nc3 a6 6. Be2 e5 7. Nb3 Be7 8. O-O
O-O 9. a4 Nc6 10. f4 Nb4 11. Kh1 Be6 12. Be3 Rc8 13. a5 exf4 14. Bxf4 d5 15. e5
Ne4 16. Nxe4 dxe4 17. Nd4 Nd5 18. c3 Rc5 19. Nxe6 fxe6 20. Bg3 Rxf1+ 21. Qxf1
Rxa5 22. Bg4 Ne3 23. Bxe6+ Kh8 24. Qc1 Rxa1 25. Qxa1 Qd3 26. Bf2 Nd1 27. h3
Nxf2+ 28. Kh2 Bh4 0-1

[Event "Commonwealth Championship 3rd"]
[Site "Docklands, London"]
[Date "1985.02.19"]
[Round "4"]
[White "Blackstock, Leslie Steven F"]
[Black "Friedgood, David"]
[Result "1/2-1/2"]
[WhiteElo "2275"]
[BlackElo "2305"]
[PlyCount "40"]
[EventDate "1985.02.16"]
[EventType "swiss"]
[EventRounds "11"]
[EventCountry "ENG"]
[SourceTitle "BritBase"]
[Source "John Saunders"]
[SourceDate "2022.12.30"]
[SourceVersion "1"]
[SourceVersionDate "2022.12.30"]
[SourceQuality "1"]

1. d4 Nf6 2. c4 g6 3. Nc3 Bg7 4. e4 d6 5. f3 a6 6. Be3 c6 7. c5 O-O 8. Nge2
Nbd7 9. Nc1 dxc5 10. dxc5 Ne5 11. Qxd8 Rxd8 12. Na4 Be6 13. Be2 Nfd7 14. Nb3
Bc4 15. Na5 Bb5 16. Nc3 Nd3+ 17. Bxd3 Bxd3 18. O-O-O Bxc3 19. bxc3 Ne5 20. Rd2
Nc4 1/2-1/2

[Event "Commonwealth Championship 3rd"]
[Site "Docklands, London"]
[Date "1985.02.19"]
[Round "4"]
[White "Chandler, Murray G"]
[Black "Bellin, Robert"]
[Result "1-0"]
[WhiteElo "2585"]
[BlackElo "2390"]
[PlyCount "95"]
[EventDate "1985.02.16"]
[EventType "swiss"]
[EventRounds "11"]
[EventCountry "ENG"]
[SourceTitle "BritBase"]
[Source "John Saunders"]
[SourceDate "2022.12.30"]
[SourceVersion "1"]
[SourceVersionDate "2022.12.30"]
[SourceQuality "1"]

1. e4 c5 2. Nf3 d6 3. d4 cxd4 4. Nxd4 Nf6 5. Nc3 Nc6 6. Bg5 e6 7. Qd2 a6 8.
O-O-O Bd7 9. f4 h6 10. Bh4 g5 11. fxg5 Ng4 12. Be2 Nge5 13. Nxc6 Bxc6 14. g3
Ng6 15. Kb1 h5 16. Qe3 Bg7 17. Nd5 exd5 18. exd5+ Qe7 19. Qxe7+ Kxe7 20. dxc6
bxc6 21. c3 a5 22. a4 Be5 23. Bc4 d5 24. Bd3 Kd6 25. Rhf1 Ra7 26. Rd2 Rb7 27.
Ka2 Re7 28. Rdf2 Rh7 29. Kb1 Rb7 30. Kc2 Rg7 31. Re2 Nxh4 32. gxh4 Rg8 33. Ref2
Rg7 34. Rf5 Re7 35. R1f2 Rb7 36. Ba6 Ra7 37. Be2 Rh7 38. Bd3 Rg7 39. Re2 Re7
40. c4 c5 41. cxd5 Kxd5 42. b3 Kd6 43. Bc4 Rh7 44. Kd3 Rg7 45. Bxf7 Rgxf7 46.
Rexe5 Rxf5 47. Rxf5 Rb7 48. g6 1-0

[Event "Commonwealth Championship 3rd"]
[Site "Docklands, London"]
[Date "1985.02.19"]
[Round "4"]
[White "Hanreck, Alan E"]
[Black "Thipsay, Praveen Mahadeo"]
[Result "0-1"]
[WhiteElo "2275"]
[BlackElo "2470"]
[PlyCount "80"]
[EventDate "1985.02.16"]
[EventType "swiss"]
[EventRounds "11"]
[EventCountry "ENG"]
[SourceTitle "BritBase"]
[Source "John Saunders"]
[SourceDate "2022.12.30"]
[SourceVersion "1"]
[SourceVersionDate "2022.12.30"]
[SourceQuality "1"]

1. c4 Nf6 2. Nc3 g6 3. g3 Bg7 4. Bg2 O-O 5. e4 c5 6. Nge2 Nc6 7. O-O d6 8. d3
a6 9. h3 Rb8 10. a4 Ne8 11. Be3 Nd4 12. Rb1 Nc7 13. b4 Bd7 14. Bxd4 cxd4 15.
Nd5 b6 16. Kh2 e6 17. Ndf4 Bc6 18. Qc2 Qd7 19. b5 Ba8 20. Qa2 a5 21. Nc1 Kh8
22. Nb3 f5 23. exf5 gxf5 24. Nh5 Bxg2 25. Kxg2 e5 26. Nxg7 Qxg7 27. Qe2 Ne6 28.
Qf3 Rf6 29. Rh1 Rbf8 30. Rbf1 f4 31. Qc6 fxg3 32. fxg3 Nf4+ 33. Kh2 Nh5 34. Qg2
Rxf1 35. Rxf1 Rxf1 36. Qxf1 Qxg3+ 37. Kh1 Nf4 38. Nd2 Qxd3 39. Qxd3 Nxd3 40.
Kg2 Nc5 0-1

[Event "Commonwealth Championship 3rd"]
[Site "Docklands, London"]
[Date "1985.02.19"]
[Round "4"]
[White "Hebden, Mark L"]
[Black "Borg, Geoffrey"]
[Result "1-0"]
[WhiteElo "2480"]
[BlackElo "2360"]
[PlyCount "97"]
[EventDate "1985.02.16"]
[EventType "swiss"]
[EventRounds "11"]
[EventCountry "ENG"]
[SourceTitle "BritBase"]
[Source "John Saunders"]
[SourceDate "2022.12.30"]
[SourceVersion "1"]
[SourceVersionDate "2022.12.30"]
[SourceQuality "1"]

1. e4 e5 2. f4 exf4 3. Nf3 g5 4. h4 g4 5. Ne5 Nf6 6. d4 d6 7. Nd3 Nxe4 8. Qe2
Qe7 9. Bxf4 Bg7 10. c3 h5 11. Nd2 Nxd2 12. Kxd2 Qxe2+ 13. Bxe2 Nc6 14. Rae1 Be6
15. Rhf1 Kd7 16. Bd1 Rae8 17. Bg5 Bxa2 18. b3 f6 19. Bxf6 Rxe1 20. Kxe1 Re8+
21. Be2 Bxf6 22. Rxf6 Bxb3 23. Rf5 Bc4 24. Kd2 Rh8 25. Rxh5 Rxh5 26. Bxg4+ Ke7
27. Bxh5 a5 28. Bf3 Bxd3 29. Kxd3 Nd8 30. g4 b5 31. g5 c5 32. dxc5 dxc5 33. Ke4
a4 34. Bd1 Nc6 35. h5 a3 36. Bb3 Na5 37. Ba2 b4 38. cxb4 cxb4 39. h6 Kf8 40.
Bd5 a2 41. Bxa2 b3 42. Bb1 Nc4 43. Kf5 Nd6+ 44. Kf6 Ne8+ 45. Ke5 Kf7 46. Bd3 b2
47. g6+ Kg8 48. Bc4+ Kh8 49. Ba2 1-0

[Event "Commonwealth Championship 3rd"]
[Site "Docklands, London"]
[Date "1985.02.19"]
[Round "4"]
[White "Howell, James C"]
[Black "Granat, Russell"]
[Result "1-0"]
[WhiteElo "2395"]
[BlackElo "2245"]
[PlyCount "71"]
[EventDate "1985.02.16"]
[EventType "swiss"]
[EventRounds "11"]
[EventCountry "ENG"]
[SourceTitle "BritBase"]
[Source "John Saunders"]
[SourceDate "2022.12.30"]
[SourceVersion "1"]
[SourceVersionDate "2022.12.30"]
[SourceQuality "1"]

1. e4 e5 2. Nf3 Nc6 3. Bb5 a6 4. Ba4 d6 5. O-O Be7 6. Re1 Nf6 7. c3 O-O 8. d4
b5 9. Bb3 exd4 10. cxd4 Bg4 11. Nc3 b4 12. Nd5 Rb8 13. Nxe7+ Qxe7 14. Bg5 Rb5
15. Bh4 Rh5 16. Bg3 Nd8 17. h3 Bxf3 18. Qxf3 Ra5 19. Bh4 g5 20. e5 Ne8 21. exd6
Qxd6 22. Bg3 Qg6 23. Rac1 Ne6 24. Bxe6 fxe6 25. Qb3 Qf7 26. Rxe6 Ng7 27. Rxc7
Nxe6 28. Rxf7 Kxf7 29. d5 Nf4 30. Bxf4 gxf4 31. d6+ Kg7 32. Qxb4 Rb5 33. Qd4+
Kh6 34. d7 Rbb8 35. Qd6+ Kg7 36. Qe7+ 1-0

[Event "Commonwealth Championship 3rd"]
[Site "Docklands, London"]
[Date "1985.02.19"]
[Round "4"]
[White "Jackson, Sheila"]
[Black "Orr, Mark JL"]
[Result "0-1"]
[WhiteElo "2235"]
[BlackElo "2320"]
[PlyCount "80"]
[EventDate "1985.02.16"]
[EventType "swiss"]
[EventRounds "11"]
[EventCountry "ENG"]
[SourceTitle "BritBase"]
[Source "John Saunders"]
[SourceDate "2022.12.30"]
[SourceVersion "1"]
[SourceVersionDate "2022.12.30"]
[SourceQuality "1"]

1. e4 e5 2. Nf3 Nf6 3. Nxe5 d6 4. Nf3 Nxe4 5. Qe2 Qe7 6. d3 Nf6 7. Bg5 Nbd7 8.
Nc3 h6 9. Bh4 Qxe2+ 10. Bxe2 g6 11. O-O Bg7 12. d4 a6 13. Rfe1 O-O 14. a4 Nb6
15. Bxf6 Bxf6 16. a5 Nd7 17. Nd5 Bd8 18. Bc4 Nf6 19. Ne7+ Kg7 20. Nxc8 Rxc8 21.
g3 Re8 22. Rxe8 Nxe8 23. c3 c6 24. Bf1 d5 25. b4 Nd6 26. Nd2 Bg5 27. f4 Bf6 28.
Nf3 g5 29. Re1 gxf4 30. gxf4 Ne4 31. Re3 Rg8 32. Bh3 Be7 33. Ne1 Bh4 34. Kf1
Nd2+ 35. Ke2 Nc4 36. Nf3 Nxe3 37. Kxe3 Re8+ 38. Kd3 Bf2 39. Bg2 Be3 40. f5 Bf4
0-1

[Event "Commonwealth Championship 3rd"]
[Site "Docklands, London"]
[Date "1985.02.19"]
[Round "4"]
[White "Johansen, Darryl Keith"]
[Black "Hon, Kah Seng Christie"]
[Result "1-0"]
[WhiteElo "2425"]
[BlackElo "2345"]
[PlyCount "61"]
[EventDate "1985.02.16"]
[EventType "swiss"]
[EventRounds "11"]
[EventCountry "ENG"]
[SourceTitle "BritBase"]
[Source "John Saunders"]
[SourceDate "2022.12.30"]
[SourceVersion "1"]
[SourceVersionDate "2022.12.30"]
[SourceQuality "1"]

1. d4 Nf6 2. c4 e6 3. Nc3 Bb4 4. e3 O-O 5. Nge2 d5 6. a3 Be7 7. cxd5 exd5 8. g3
a5 9. Bg2 c6 10. O-O Bf5 11. h3 Re8 12. g4 Bg6 13. f4 Be4 14. g5 Bxg2 15. gxf6
Bxf1 16. fxe7 Qxe7 17. Qxf1 Nd7 18. Bd2 a4 19. Ng3 Nb6 20. Re1 Nc4 21. Bc1 Qf6
22. Kh2 b5 23. Qf2 Rad8 24. Na2 Rd6 25. Nb4 Rde6 26. Nd3 g6 27. Re2 Qe7 28. Nc5
Rd6 29. e4 dxe4 30. Ncxe4 Rdd8 31. f5 1-0